00914nam a2200181Ia 450000500170000000800410001702000180005805000190007610000550009524501240015025000190027426000360029330000250032950400910035450502210044565000310066665000350069720231102151126.0120626t20101997mx a 000 0 spa d a978607090224614aK123bP47 20101 aPérez Fernández del Castillo, Bernardo.eautor10aDeontología jurídicab : Ética del abogado y del servidor públicoc / Bernardo Pérez Fernández del Castillo a17a. edición aMéxico b : Porrúac , 2010 axiii ; 213 páginas aIncluye: Dedicatoria Introducción índice de contenido Bibliografía (pp. 205-206)2 aDeontología y normas morales Las Profesiones La Abogacía Deberes del Abogado La Prestación de Servicios del Abogado Los Colegios de Profesionales La Ética del Servidor Público Algunos Códigos de Conducta 14aDERECHO2ÉTICAzMÉXICO24aSERVIDORES PÚBLICOSxÉTICA